01138nam a2200217Ia 4500952010200000952010200102952010200204999001700306008004100323050002100364100003900385245006800424260003400492300002000526500004100546504003600587505020700623519004100830650003700871942001200908 00102lcc4070a01b01d2022-09-24l0oBJ68 G216 2001p16 001994r2023-07-12t1w2022-09-24yLB 00102lcc4070a01b01d2022-09-24l0oBJ68 G216 2001p16 001995r2023-07-12t2w2022-09-24yLB 00102lcc4070a01b01d2022-09-24l0oBJ68 G216 2001p16 001996r2023-07-12t3w2022-09-24yLB c70559d70559120626s2001 mx a 000 0 spa d aBJ68 bG216 2001 aGarcía Arenas, Bernardo eautor  aÉtica b: apuntes y ejercicios c/ Bernardo, García Arenas  aMéxico b: Ducere c, 2001  a262 páginas  aIncluye: Introducción (pp. 9 - 10) aBibliografía (pp. 261 - 262)  aI. Conceptos de filosofía y de ética II. Esencia de la moral III. El problema de la libertad IV. Axiología V. Aplicación de la moral VI. Ética: Valoración de la actividad humana  aMaterial Complementario /d16 001994 0aÉTICA xESTUDIO Y ENSEÑANZA  cLB2lcc